The Anonymous Christian - a Relativised Christianity? : (Record no. 604015)

MARC details
000 -LEADER
fixed length control field 00547nam a2200181 a 4500
008 - FIXED-LENGTH DATA ELEMENTS--GENERAL INFORMATION
fixed length control field 251218s1993##################000#0#eng##
020 ## - INTERNATIONAL STANDARD BOOK NUMBER
ISBN 9783631462096
082 04 - DEWEY DECIMAL CLASSIFICATION NUMBER
Classification number 234
Item number CON
100 1# - MAIN ENTRY--AUTHOR NAME
Personal name Conway, Eamonn,
245 10 - TITLE STATEMENT
Title The Anonymous Christian - a Relativised Christianity? :
260 ## - PUBLICATION, DISTRIBUTION, ETC. (IMPRINT)
Name of publisher Peter Lang Gmbh, Internationaler Verlag Der Wissenschaften,
Year of publication 1993.
650 #0 - SUBJECT ADDED ENTRY--TOPICAL TERM
Topical Term Religious pluralism.
942 ## - ADDED ENTRY ELEMENTS (KOHA)
Koha item type English Books
Holdings
Withdrawn status Lost status Damaged status Not for loan Home library Current library Shelving location Date acquired Full call number Accession Number Price effective from Koha item type
        Anna Centenary Library Anna Centenary Library 3RD FLOOR, B WING 22.12.2025 234 CON 216817 22.12.2025 English Books

Find us on the map